Statistics for La Liga Current Managers

Click here to take the quiz!

General Stats

  • This quiz has been taken 7 times
  • The average score is 13 of 20

Answer Stats

TeamNationalityManager Name% Correct
Real MadridItalianCarlo Ancelotti
100%
Atlético MadridArgentineanDiego Simeone
100%
Athletic ClubSpanishErnesto Valverde
100%
VillarrealSpanishMarcelino
100%
BarcelonaSpanishXavi
100%
AlavésSpanishLuis García
83%
Real BetisChileanManuel Pellegrini
83%
Las PalmasSpanishGarcía Pimienta
67%
Real SociedadSpanishImanol Alguacil
67%
MallorcaMexicanJavier Aguirre
67%
GetafeSpanishJosé Bordalás
67%
GironaSpanishMíchel
67%
SevillaSpanishQuique Sánchez Flores
67%
OsasunaSpanishJagoba Arrasate
50%
AlmeríaSpanishPepe Mel
50%
ValenciaSpanishRubén Baraja
50%
GranadaUruguayanAlexander Medina
33%
Rayo VallecanoSpanishIñigo Pérez
33%
CádizArgentineanMauricio Pellegrino
33%
Celta VigoSpanishClaudio Giráldez
17%

Score Distribution

Percentile by Number Answered

Percent of People with Each Score

Your Score History

You have not taken this quiz